KNOWN : (Record no. 250)

MARC details
000 -LEADER
fixed length control field 00613nam a22002057a 4500
005 - DATE AND TIME OF LATEST TRANSACTION
control field 20250420134802.0
008 - FIXED-LENGTH DATA ELEMENTS--GENERAL INFORMATION
fixed length control field 191212b ||||| |||| 00| 0 eng d
020 ## - INTERNATIONAL STANDARD BOOK NUMBER
International Standard Book Number 9780692816066
040 ## - CATALOGING SOURCE
Transcribing agency KCST
082 ## - DEWEY DECIMAL CLASSIFICATION NUMBER
Classification number 650.1
Item number Sc Kn
100 ## - MAIN ENTRY--PERSONAL NAME
Personal name Schaefer, Mark W.
9 (RLIN) 913
245 ## - TITLE STATEMENT
Title KNOWN :
Remainder of title the handbook for building and unleashing your personal brand in the digital age /
Statement of responsibility, etc. Mark W Schaefer
260 ## - PUBLICATION, DISTRIBUTION, ETC.
Place of publication, distribution, etc. [not identified]
Name of publisher, distributor, etc. Mark W. Schaefer
Date of publication, distribution, etc. 2017
300 ## - PHYSICAL DESCRIPTION
Extent 255 p.
650 ## - SUBJECT ADDED ENTRY--TOPICAL TERM
Topical term or geographic name entry element Career development.
9 (RLIN) 914
650 ## - SUBJECT ADDED ENTRY--TOPICAL TERM
Topical term or geographic name entry element Branding (Marketing)
9 (RLIN) 915
650 ## - SUBJECT ADDED ENTRY--TOPICAL TERM
Topical term or geographic name entry element Reputation.
9 (RLIN) 916
942 ## - ADDED ENTRY ELEMENTS (KOHA)
Koha item type Book
942 ## - ADDED ENTRY ELEMENTS (KOHA)
Source of classification or shelving scheme Dewey Decimal Classification
Holdings
Withdrawn status Lost status Source of classification or shelving scheme Damaged status Not for loan Home library Current library Date acquired Cost, normal purchase price Total checkouts Full call number Barcode Date last seen Price effective from Koha item type
    Dewey Decimal Classification     KCST Library KCST Library 12/12/2019 9.18   650.1 Sc Kn 1000000104 12/12/2019 12/12/2019 Book
© 2025 KCST. All rights reserved